[Event "33rd Leon Blitz Open 2020"]
[Site "chess.com INT"]
[Date "2020.07.14"]
[Round "8"]
[White "Abdusattorov, Nodirbek"]
[Black "Visakh, N R"]
[Result "0-1"]
[WhiteTitle "GM"]
[BlackTitle "GM"]
[WhiteElo "2627"]
[BlackElo "2516"]
[WhiteFideId "14204118"]
[BlackFideId "25012223"]
[EventDate "2020.07.14"]
[EventType "blitz"]

1. e4 e5 2. Nf3 Nc6 3. Bb5 Nf6 4. d3 Bc5 5. c3 O-O 6. O-O d6 7. Ba4 a5 8. Bg5 h6
9. Bh4 g5 10. Bg3 Kg7 11. d4 Bb6 12. dxe5 Nxe4 13. exd6 Nxg3 14. hxg3 Qxd6 15.
Qxd6 cxd6 16. Nbd2 Be6 17. Nb3 Ne5 18. Nbd4 Nxf3+ 19. Nxf3 Rfd8 20. Rfd1 Bg4 21.
Bb3 Bxf3 22. gxf3 a4 23. Bd5 a3 24. b4 Rd7 25. Re1 Rc8 26. c4 Bd4 27. Rab1 Bb2
28. b5 b6 29. Re4 Rcc7 30. Rbe1 Bf6 31. R1e3 Ra7 32. Rd3 Re7 33. Rxe7 Bxe7 34.
g4 Bf6 35. Kf1 Be5 36. Ke2 Ra4 37. Kd2 Ra7 38. Kc2 Bf4 39. Kb3 Kf8 40. Kb4 Ke7
41. Bc6 Bc1 42. Rd1 Bb2 43. Re1+ Be5 44. Re3 Kf6 45. Bd5 Bd4 46. Re8 Bc5+ 47.
Kc3 Re7 48. Ra8 Bxf2 49. Kd2 Bc5 50. Be4 Ke5 51. Kd3 Kf6 52. Rh8 Kg7 53. Rh7+
Kf6 54. Rxh6+ Ke5 55. Rh7 Kf4 56. Rg7 Rc7 57. Rg8 Re7 58. Rd8 f5 59. Rf8 Re5 60.
Rf7 Bb4 61. Rf6 Bc5 62. Kc3 Ke3 63. gxf5 g4 64. fxg4 Kxe4 65. Rg6 d5 66. cxd5
Kxd5 67. Rg8 Re3+ 68. Kd2 Rf3 69. Re8 Rf2+ 70. Kd3 Rxa2 71. g5 Rf2 72. g6 a2 73.
g7 Rg2 74. Ra8 Rxg7 75. f6 Rg3+ 76. Ke2 Rg1 77. f7 a1=Q 78. Rxa1 Rxa1 79. Kd3
Ra3+ 80. Ke2 Re3+ 81. Kd2 Rf3 82. f8=Q Rxf8 0-1

[Event "33rd Leon Blitz Open 2020"]
[Site "chess.com INT"]
[Date "2020.07.14"]
[Round "8"]
[White "Gabrielian, Artur"]
[Black "Arjun, Kalyan"]
[Result "1/2-1/2"]
[WhiteTitle "GM"]
[BlackTitle "IM"]
[WhiteElo "2463"]
[BlackElo "2477"]
[WhiteFideId "4131002"]
[BlackFideId "35018701"]
[EventDate "2020.07.14"]
[EventType "blitz"]

1. e4 c5 2. Nc3 Nc6 3. Bb5 Nd4 4. Bc4 e6 5. Nf3 Nf6 6. O-O a6 7. Bb3 Nxb3 8.
axb3 d5 9. d3 Be7 10. Re1 O-O 11. Bg5 h6 12. Bh4 dxe4 13. dxe4 Bd7 14. Ne5 Be8
15. Qf3 Nd7 16. Nxd7 Bxd7 17. Bxe7 Qxe7 18. Qg3 Bc6 19. Rad1 Rad8 20. Qe3 b6 21.
f3 Rxd1 22. Rxd1 Rd8 23. Rxd8+ Qxd8 24. h3 Qd6 25. Kf2 g5 26. e5 Qd8 27. Ke1 Kg7
28. Ne2 Qd5 29. c4 Qd8 30. Ng3 Kg6 31. Ne2 Kg7 32. g4 f5 33. gxf5 exf5 34. f4 g4
35. hxg4 Qh4+ 36. Kd2 Qxg4 37. e6 Kf8 38. Qe5 Be8 39. Qd6+ Kg8 40. Qxb6 Qg6 41.
Qd6 Qf6 42. Nc3 Qd4+ 43. Qxd4 cxd4 44. Nd5 Kf8 45. Kd3 h5 46. Kxd4 h4 47. Ne3 h3
48. Nf1 Bc6 49. Ke5 Be4 50. c5 Ke7 51. Nh2 a5 52. Nf1 Bg2 53. Ng3 Be4 54. Nf1
Bg2 55. Nh2 Be4 56. c6 Bxc6 57. Kxf5 Bd5 58. Ke5 Bxe6 59. f5 Bxb3 60. Ng4 a4 61.
Kf4 Bd1 62. Nh2 Bc2 63. Ke5 Kf7 64. Ng4 Bd1 65. Nh2 Be2 66. Ke4 Kf6 67. Kf4 Bd1
68. Ke4 Be2 69. Kf4 Bd1 70. Nf1 Bc2 71. Ng3 h2 72. Nh5+ Kf7 73. Ng3 Kf6 74. Nh5+
Kf7 75. Ng3 Bb3 76. Ke5 Bd1 77. f6 Bf3 78. Kf4 h1=Q 79. Nxh1 Bxh1 80. Ke5 Bf3
81. Kd4 Kxf6 82. Kd3 Bd1 83. Kd2 Bb3 84. Kc1 Ke5 85. Kb1 Kd4 86. Ka1 Ke3 87. Kb1
Kd2 88. Ka1 Be6 89. Kb1 Bf7 90. Ka1 Be8 91. Kb1 Bc6 92. Ka1 Kc2 93. b4 axb3 1/2-1/2

[Event "33rd Leon Blitz Open 2020"]
[Site "chess.com INT"]
[Date "2020.07.14"]
[Round "8"]
[White "Gazik, Viktor"]
[Black "Niemann, Hans Moke"]
[Result "0-1"]
[WhiteTitle "IM"]
[BlackTitle "IM"]
[WhiteElo "2502"]
[BlackElo "2465"]
[WhiteFideId "14928752"]
[BlackFideId "2093596"]
[EventDate "2020.07.14"]
[EventType "blitz"]

1. e4 e6 2. Nc3 d5 3. d4 Nf6 4. Bg5 dxe4 5. Nxe4 Be7 6. Bxf6 gxf6 7. Nf3 f5 8.
Nc3 a6 9. g3 b5 10. Bg2 Bb7 11. O-O Qd6 12. Ne5 Bxg2 13. Kxg2 c5 14. Qh5 O-O 15.
Rad1 cxd4 16. Nf3 e5 17. Qxf5 Nc6 18. Ne4 Qg6 19. g4 Qxf5 20. gxf5 f6 21. c3
Rfd8 22. Kh3 Kf7 23. Rd3 dxc3 24. Rxc3 Nb4 25. Rc7 Nd5 26. Rb7 Nf4+ 27. Kh4 Rd3
28. Nxe5+ fxe5+ 29. f6 Rh3+ 30. Kg4 Rg8+ 31. Ng5+ Rxg5+ 32. Kxg5 Rh5+ 33. Kg4
Kxf6 34. Rc1 Rg5+ 35. Kf3 Ne6 36. Rb6 Kf5 37. Rxa6 Rh5 38. Kg2 Nf4+ 39. Kh1 Rh3
40. Rb6 b4 41. Rb7 Bh4 42. Rc2 Rd3 43. Rc1 Rd4 44. Rxh7 Bxf2 45. Rf7+ Ke4 46.
Re7 Be3 47. Re1 Rd2 48. a3 b3 49. a4 Rxb2 50. h4 Ra2 51. Rxe5+ Kxe5 52. Rxe3+
Kf5 53. Rxb3 Kg4 54. h5 Nxh5 55. Kg1 Ng3 56. Rb8 Ne4 57. Rg8+ Kf3 58. Rf8+ Ke3
59. Re8 Rxa4 60. Re7 Ra2 61. Re8 Re2 62. Rf8 Rd2 63. Re8 Rd7 64. Rf8 Rg7+ 65.
Kh2 Nd2 66. Kh3 Nf3 67. Ra8 Nd4 68. Re8+ Kf4 69. Rf8+ Nf5 70. Kh2 Rd7 71. Ra8
Rd2+ 72. Kg1 Kf3 73. Rf8 Rd5 74. Kh2 Kg4 75. Rg8+ Kf4 76. Rf8 Rd2+ 77. Kg1 Ke4
78. Kf1 Ra2 79. Rf7 Ng3+ 80. Kg1 Ne2+ 81. Kg2 Nf4+ 82. Kh1 Kf3 83. Rb7 Kf2 84.
Kh2 Ra8 85. Rh7 Rg8 86. Rh6 Kf3 87. Rh7 Rg2+ 88. Kh1 Rb2 89. Ra7 Nd3 90. Rf7+
Nf4 91. Ra7 Rd2 92. Rb7 Kg3 93. Rg7+ Kf3 94. Ra7 Rc2 95. Ra8 Nh5 96. Ra3+ Kg4
97. Ra4+ Kh3 98. Ra8 Ng3+ 99. Kg1 Rg2# 0-1

[Event "33rd Leon Blitz Open 2020"]
[Site "chess.com INT"]
[Date "2020.07.14"]
[Round "8"]
[White "Altman, Joshua"]
[Black "Jakubowski, Krzysztof"]
[Result "0-1"]
[WhiteTitle "CM"]
[BlackTitle "GM"]
[WhiteElo "1926"]
[BlackElo "2481"]
[WhiteFideId "426210"]
[BlackFideId "1112848"]
[EventDate "2020.07.14"]
[EventType "blitz"]

1. d4 Nf6 2. c4 e6 3. Nf3 d5 4. Nc3 Nbd7 5. cxd5 exd5 6. Bg5 Be7 7. e3 O-O 8.
Bd3 c6 9. O-O Re8 10. Qc2 Nf8 11. h3 g6 12. Rab1 Ne6 13. Bh4 Ng7 14. Bg3 a5 15.
a3 Bf5 16. b4 axb4 17. axb4 Bxd3 18. Qxd3 Ra3 19. Qc2 Nf5 20. Be5 b5 21. Rb3 Ra6
22. Ne1 Bd6 23. Bxd6 Nxd6 24. Nd3 Nc4 25. Nc5 Ra7 26. Rd1 Qc7 27. e4 dxe4 28.
N3xe4 Nxe4 29. Nxe4 Qf4 30. Re1 Rae7 31. Rf3 Qxe4 32. Rxe4 Rxe4 33. Qa2 R8e7 34.
Qa8+ Kg7 35. Qxc6 R4e6 36. Qxb5 Nd2 37. Re3 Rxe3 38. fxe3 Rxe3 39. Kf2 Rb3 40.
d5 Ne4+ 41. Kg1 h5 42. d6 Rb1+ 43. Kh2 Nf2 44. Qe5+ Kh7 45. Kg3 Nh1+ 46. Kf3
Rb3+ 47. Ke2 Ng3+ 48. Kd1 Nf5 49. Qf6 Rd3+ 50. Kc2 Rxd6 51. Qxf7+ Kh6 52. b5
Nd4+ 53. Kb2 Nxb5 54. Qf8+ Kg5 55. Qe7+ Kf5 56. Qf7+ Ke5 57. Qg7+ Kd5 58. Qf7+
Kc5 59. g4 hxg4 60. hxg4 Kb4 61. Qf4+ Rd4 62. Qf8+ Rd6 63. g5 Kc4 64. Qf4+ Kd5
65. Qf7+ Ke5 66. Qg7+ Kf5 67. Qh6 Nd4 68. Qh4 Ne6 69. Qh3+ Ke5 70. Qg3+ Nf4 71.
Qg4 Rd3 72. Qc8 Rg3 73. Qc7+ Kf5 74. Qf7+ Kxg5 75. Qe7+ Kg4 76. Qd7+ Kg5 77.
Qe7+ Kf5 78. Qf7+ Ke4 79. Qe7+ Kf3 80. Qb7+ Kf2 81. Qb6+ Re3 82. Qf6 Kf3 83.
Qc6+ Re4 84. Qc3+ Kf2 85. Qc5+ Kf3 86. Qc3+ Re3 87. Qc6+ Kf2 88. Qf6 Kg3 89.
Qg5+ Kf3 90. Qf6 Re4 91. Qf7 Kg4 92. Qd7+ Re6 93. Qd1+ Re2+ 94. Ka3 g5 95. Qg1+
Kf5 96. Qc5+ Re5 97. Qc2+ Kg4 98. Qd1+ Kg3 99. Qg1+ Ng2 100. Qd4 Re3+ 101. Ka2
g4 102. Qd6+ Nf4 103. Qh6 Kf3 104. Qf6 g3 105. Qc6+ Kf2 106. Qf6 Re4 107. Qb2+
Re2 0-1

[Event "33rd Leon Blitz Open 2020"]
[Site "chess.com INT"]
[Date "2020.07.14"]
[Round "8"]
[White "Fakhrutdinov, Timur"]
[Black "Orozbaev, Eldiar"]
[Result "0-1"]
[WhiteTitle "FM"]
[BlackTitle "CM"]
[WhiteElo "2501"]
[BlackElo "1973"]
[WhiteFideId "24176702"]
[BlackFideId "13802240"]
[EventDate "2020.07.14"]
[EventType "blitz"]

1. e4 e6 2. d4 d5 3. Nc3 Nf6 4. e5 Nfd7 5. f4 c5 6. Nf3 Nc6 7. Be3 Qb6 8. a3 a6
9. Be2 cxd4 10. Nxd4 Bc5 11. Na4 Qa5+ 12. c3 Nxd4 13. Bxd4 Bxd4 14. Qxd4 Qc7 15.
b4 b5 16. Nb2 Bb7 17. a4 O-O 18. axb5 axb5 19. O-O Bc6 20. Bd3 f6 21. exf6 Nxf6
22. Rxa8 Rxa8 23. Bb1 Qa7 24. Qxa7 Rxa7 25. Nd3 Ra3 26. Rc1 Ne4 27. Ne5 Nxc3 28.
Bd3 Be8 29. Kf2 Kf8 30. Ke3 Na2 31. Ra1 Ra4 32. Bc2 Ra3+ 33. Kd2 Ra6 34. Rb1 d4
35. Bxh7 Nc3 36. Rb2 Rd6 37. g3 Ke7 38. Bd3 Bc6 39. Rb3 Be4 40. Ra3 Bxd3 41.
Kxd3 Na4 42. Nf3 Nb2+ 43. Ke4 d3 44. Ra7+ Ke8 45. Nd2 Nc4 46. Ra2 Ke7 47. h4 Kf6
48. g4 e5 49. fxe5+ Nxe5 50. g5+ Ke6 51. h5 Nc6 52. Nb3 Nxb4 53. Rf2 Ke7 54. g6
Nd5 55. Rf7+ Ke8 56. Ke5 Rd8 57. Rxg7 Ne7 58. Ke6 Rd7 59. h6 d2 60. h7 Nxg6 61.
Rxd7 Nf8+ 62. Kf5 Kxd7 63. h8=Q d1=Q 64. Qg7+ Kc6 65. Nd4+ Kc5 66. Qe7+ Kc4 67.
Qc7+ Kb4 68. Qd6+ Ka4 69. Qa6+ Kb4 70. Qxb5+ Kc3 71. Qc5+ Kd3 72. Nc6 Qf1+ 73.
Kg4 Qg2+ 74. Kh4 Ng6+ 75. Kh5 Nf4+ 76. Kh4 Qh2+ 77. Kg4 Ne2 78. Qd5+ Ke3 79.
Qc5+ Kd2 80. Qb4+ Kd1 81. Qa4+ Ke1 82. Qa5+ Kf2 83. Qc5+ Kf1 84. Qf5+ Ke1 85.
Qb1+ Kf2 86. Qb6+ Kg2 87. Qe3 Kf1 88. Ne5 Qg2+ 89. Kf5 Ng3+ 90. Ke6 Qh3+ 91. Kd5
Qg2+ 92. Nf3 Ne2 93. Kc4 Qg4+ 94. Kd3 Qf5+ 95. Kd2 Qd5+ 96. Kc2 Qc4+ 97. Kd1
Nc3+ 98. Kd2 Ne4+ 99. Kd1 Nf2+ 100. Kd2 Ne4+ 101. Kd1 Nc3+ 102. Kd2 Ne2 103. Ne5
Qa2+ 104. Kd3 Qb3+ 105. Ke4 Qb4+ 106. Kf3 Nd4+ 107. Kg3 Nf5+ 0-1

[Event "33rd Leon Blitz Open 2020"]
[Site "chess.com INT"]
[Date "2020.07.14"]
[Round "9"]
[White "Nguyen, Ngoc Truong Son"]
[Black "Khanin, Semen"]
[Result "1/2-1/2"]
[WhiteTitle "GM"]
[BlackTitle "IM"]
[WhiteElo "2641"]
[BlackElo "2482"]
[WhiteFideId "12401110"]
[BlackFideId "4111990"]
[EventDate "2020.07.14"]
[EventType "blitz"]

1. c4 e5 2. Nc3 Nf6 3. g3 c6 4. Bg2 d5 5. cxd5 cxd5 6. d3 Nc6 7. Bg5 d4 8. Ne4
Nxe4 9. Bxd8 Bb4+ 10. Kf1 Nd2+ 11. Ke1 Nf3+ 12. Kf1 Nd2+ 13. Ke1 Nf3+ 14. Kf1
Nd2+ 1/2-1/2

[Event "33rd Leon Blitz Open 2020"]
[Site "chess.com INT"]
[Date "2020.07.14"]
[Round "9"]
[White "Puranik, Abhimanyu"]
[Black "Smirnov, Anton"]
[Result "1-0"]
[WhiteTitle "GM"]
[BlackTitle "GM"]
[WhiteElo "2584"]
[BlackElo "2597"]
[WhiteFideId "5061245"]
[BlackFideId "3208923"]
[EventDate "2020.07.14"]
[EventType "blitz"]

1. Nf3 d5 2. g3 g6 3. Bg2 Bg7 4. O-O e5 5. d3 Nc6 6. e4 Nge7 7. exd5 Nxd5 8. Nc3
Nxc3 9. bxc3 O-O 10. Rb1 Ne7 11. Re1 f6 12. d4 c6 13. Ba3 Re8 14. dxe5 Nd5 15.
c4 Nb6 16. Qxd8 Rxd8 17. Be7 Re8 18. exf6 Bh6 19. Ne5 Be6 20. c5 Nd5 21. Rxb7
Bd2 22. f7+ Bxf7 23. Nxf7 Bxe1 24. Bxd5 Rxe7 25. Rxe7 cxd5 26. Nh6+ Kh8 27. Rxe1 1-0

[Event "33rd Leon Blitz Open 2020"]
[Site "chess.com INT"]
[Date "2020.07.14"]
[Round "9"]
[White "Bodnaruk, Anastasia"]
[Black "Gukesh, D"]
[Result "1-0"]
[WhiteTitle "IM"]
[BlackTitle "GM"]
[WhiteElo "2411"]
[BlackElo "2563"]
[WhiteFideId "4181751"]
[BlackFideId "46616543"]
[EventDate "2020.07.14"]
[EventType "blitz"]

1. e4 c5 2. Nc3 Nc6 3. Bb5 Nd4 4. Bc4 e6 5. Nge2 a6 6. a4 Nf6 7. O-O d5 8. exd5
exd5 9. Ba2 Nxe2+ 10. Nxe2 Bd6 11. h3 O-O 12. d4 c4 13. c3 Bf5 14. Bg5 h6 15.
Bh4 g5 16. Bg3 Ne4 17. Bxd6 Nxd6 18. Ng3 Bd3 19. Re1 Qd7 20. Qh5 Kg7 21. Re5 Bg6
22. Qe2 Rfe8 23. Re1 Qxa4 24. Bb1 Rxe5 25. Qxe5+ 1-0

[Event "33rd Leon Blitz Open 2020"]
[Site "chess.com INT"]
[Date "2020.07.14"]
[Round "9"]
[White "Vaibhav, Suri"]
[Black "Adhiban, Baskaran"]
[Result "0-1"]
[WhiteTitle "GM"]
[BlackTitle "GM"]
[WhiteElo "2600"]
[BlackElo "2659"]
[WhiteFideId "5045185"]
[BlackFideId "5018471"]
[EventDate "2020.07.14"]
[EventType "blitz"]

1. e4 c5 2. Nf3 g6 3. h4 h5 4. d4 cxd4 5. Qxd4 Nf6 6. e5 Nc6 7. Qa4 Ng4 8. Bf4
Qb6 9. Nbd2 Qxf2+ 10. Kd1 Bg7 11. Qe4 Qb6 12. Bg3 d5 13. exd6 Bf5 14. d7+ Kf8
15. Qa4 Ne3+ 16. Ke2 Nxc2 17. Rc1 Qxb2 18. Kf2 Qxc1 19. Bd3 Bd4+ 20. Nxd4 Qxd2+
21. Kg1 N2xd4 22. Bxf5 Nxf5 23. Bf4 Qxd7 24. Kh2 Qd4 0-1

[Event "33rd Leon Blitz Open 2020"]
[Site "chess.com INT"]
[Date "2020.07.14"]
[Round "9"]
[White "Nguyen, Hong Anh"]
[Black "Navalgund, Niranjan"]
[Result "1-0"]
[WhiteTitle "WIM"]
[BlackTitle "FM"]
[WhiteElo "1970"]
[BlackElo "2289"]
[WhiteFideId "12406732"]
[BlackFideId "5030854"]
[EventDate "2020.07.14"]
[EventType "blitz"]

1. d4 Nf6 2. c4 Nc6 3. Nf3 e6 4. g3 d5 5. Bg2 dxc4 6. O-O Rb8 7. a4 a6 8. a5 b5
9. axb6 cxb6 10. Qc2 b5 11. Rd1 Bb7 12. b3 cxb3 13. Qxb3 Be7 14. Bf4 Rc8 15. Nc3
Nd5 16. Nxd5 exd5 17. Ne5 Na5 18. Qa2 Nc4 19. e4 O-O 20. exd5 Bxd5 21. Qxa6 Bxg2
22. Kxg2 Qd5+ 23. Kg1 f6 24. Nxc4 Rxc4 25. Ra5 Rxd4 26. Rxd4 Qxd4 27. Qe6+ Rf7
28. Ra8+ Bf8 29. Bd6 Qxd6 30. Qxd6 g6 31. Qd5 Kg7 32. Qxb5 Re7 33. Kg2 Rf7 34.
Qd5 Re7 35. Qd8 Rf7 36. Rc8 g5 37. Rc7 Kg6 38. Qe8 1-0

[Event "33rd Leon Blitz Open 2020"]
[Site "chess.com INT"]
[Date "2020.07.14"]
[Round "9"]
[White "Tanaka, Taira Tyler"]
[Black "Le Goff, Ronan"]
[Result "1-0"]
[WhiteTitle "CM"]
[BlackTitle "FM"]
[WhiteElo "2107"]
[BlackElo "2267"]
[WhiteFideId "7002351"]
[BlackFideId "612073"]
[EventDate "2020.07.14"]
[EventType "blitz"]

1. e4 e5 2. Nf3 Nc6 3. Nc3 Nf6 4. Bc4 Nxe4 5. Nxe4 d5 6. Bd3 Nb4 7. Ng3 e4 8.
Be2 exf3 9. Bxf3 Qe7+ 10. Ne2 Bf5 11. d3 O-O-O 12. a3 Nc6 13. O-O g5 14. Ng3 Be6
15. Re1 Rg8 16. Bg4 Kb8 17. Bxe6 fxe6 18. Qg4 e5 19. Bd2 h6 20. Bc3 d4 21. Bd2
Qc5 22. Qd1 Bd6 23. Ne4 Qd5 24. Nf6 Qf7 25. Nxg8 Rxg8 26. c3 a6 27. b4 g4 28.
Qe2 h5 29. c4 h4 30. c5 Be7 31. a4 Bf6 32. b5 axb5 33. axb5 Ne7 34. b6 cxb6 35.
cxb6 Nd5 36. Reb1 h3 37. Be1 Nf4 38. Qa2 Qxa2 39. Rxa2 hxg2 40. Rba1 Nh3+ 41.
Kxg2 Nf4+ 42. Kf1 Kc8 43. Ra8+ 1-0

[Event "33rd Leon Blitz Open 2020"]
[Site "chess.com INT"]
[Date "2020.07.14"]
[Round "9"]
[White "Orozbaev, Eldiar"]
[Black "Golubev, Mikhail"]
[Result "1-0"]
[WhiteTitle "CM"]
[BlackTitle "GM"]
[WhiteElo "1973"]
[BlackElo "2461"]
[WhiteFideId "13802240"]
[BlackFideId "14100983"]
[EventDate "2020.07.14"]
[EventType "blitz"]

1. e4 c5 2. c3 Nf6 3. e5 Nd5 4. d4 cxd4 5. cxd4 Nc6 6. Nc3 Nxc3 7. bxc3 d6 8.
Nf3 g6 9. Bb5 a6 10. Ba4 b5 11. Bb3 d5 12. Ng5 e6 13. Qf3 Qd7 14. O-O Bg7 15.
Nh3 h6 16. Bf4 O-O 17. Qe3 Kh7 18. Qg3 Qe7 19. Rae1 Bd7 20. Re3 Na5 21. Ng5+ Kg8
22. Bc2 f5 23. exf6 Qxf6 24. Nh3 Nc4 25. Rf3 Kh7 26. Bg5 Qxf3 27. gxf3 Rf7 28.
Bxh6 1-0

[Event "33rd Leon Blitz Open 2020"]
[Site "chess.com INT"]
[Date "2020.07.14"]
[Round "9"]
[White "Doluhanova, Evgeniya"]
[Black "Pesotskiy, Mikhail"]
[Result "1-0"]
[WhiteTitle "WGM"]
[BlackTitle "FM"]
[WhiteElo "2229"]
[BlackElo "2245"]
[WhiteFideId "14112035"]
[BlackFideId "34164453"]
[EventDate "2020.07.14"]
[EventType "blitz"]

1. Nf3 e6 2. b3 Nf6 3. Bb2 b6 4. e3 Bb7 5. Be2 Be7 6. O-O O-O 7. c4 c5 8. Nc3 d6
9. d4 cxd4 10. Nxd4 a6 11. Bf3 Qc7 12. Qe2 Nbd7 13. Rfd1 Rfd8 14. h3 Rac8 15.
Rac1 Nc5 16. b4 Ncd7 17. Bxb7 Qxb7 18. f4 Rc7 19. e4 Rdc8 20. e5 Ne8 21. exd6
Nxd6 22. Nxe6 Rxc4 23. Nxg7 Bf8 24. Nh5 Rxb4 25. Qg4+ Kh8 26. Rxd6 Bxd6 27. Qg7# 1-0

[Event "33rd Leon Blitz Open 2020"]
[Site "chess.com INT"]
[Date "2020.07.14"]
[Round "9"]
[White "Idrisova, Roza"]
[Black "Vinter-Schou, Uffe"]
[Result "1/2-1/2"]
[WhiteTitle "WFM"]
[BlackTitle "IM"]
[WhiteElo "1960"]
[BlackElo "2349"]
[WhiteFideId "4146662"]
[BlackFideId "1400568"]
[EventDate "2020.07.14"]
[EventType "blitz"]

1. d4 Nf6 2. Nf3 e6 3. c4 c5 4. Nc3 cxd4 5. Nxd4 Bb4 6. Qb3 Qa5 7. Nb5 O-O 8. a3
Nc6 9. Bd2 a6 10. Rc1 Bc5 11. Ne4 Nxe4 12. Bxa5 Bxf2+ 13. Kd1 Nxa5 14. Qf3 d5
15. Nc3 Rd8 16. cxd5 exd5 17. e3 Nb3 18. Rc2 Bh4 19. g3 Bf6 20. Bd3 Nbc5 21. Be2
Bg4 22. Qg2 Bh3 23. Qf3 Bg4 24. Qf1 Bh3 25. Qf3 Bg4 1/2-1/2

[Event "33rd Leon Blitz Open 2020"]
[Site "chess.com INT"]
[Date "2020.07.14"]
[Round "9"]
[White "Van Foreest, Jorden"]
[Black "Babazada, Khazar"]
[Result "1-0"]
[WhiteTitle "GM"]
[BlackTitle "FM"]
[WhiteElo "2682"]
[BlackElo "2409"]
[WhiteFideId "1039784"]
[BlackFideId "13413554"]
[EventDate "2020.07.14"]
[EventType "blitz"]

1. d4 d5 2. Nf3 Nf6 3. Bf4 g6 4. e3 Bg7 5. Nbd2 O-O 6. h3 b6 7. a4 c5 8. Be2 Nc6
9. c3 Bf5 10. O-O cxd4 11. exd4 Ne4 12. Re1 Kh8 13. Bb5 Qc8 14. Nxe4 Bxe4 15.
Nd2 a6 16. Bf1 Bf5 17. Nf3 f6 18. b4 Re8 19. Bg3 Be4 20. Nd2 Bf5 21. b5 Na5 22.
Qf3 e5 23. bxa6 1-0

[Event "33rd Leon Blitz Open 2020"]
[Site "chess.com INT"]
[Date "2020.07.14"]
[Round "9"]
[White "Sadovsky, Artem"]
[Black "Lazavik, Denis"]
[Result "0-1"]
[WhiteTitle "IM"]
[BlackTitle "FM"]
[WhiteElo "2421"]
[BlackElo "2424"]
[WhiteFideId "4155840"]
[BlackFideId "13515110"]
[EventDate "2020.07.14"]
[EventType "blitz"]

1. Nf3 d5 2. c4 c6 3. b3 Bf5 4. Bb2 e6 5. d3 Nf6 6. Nbd2 h6 7. g3 Be7 8. Bg2 O-O
9. O-O Nbd7 10. Qc2 Bh7 11. Rad1 a5 12. a3 Bd6 13. e4 dxe4 14. Nxe4 Be7 15.
Nxf6+ Bxf6 16. Qc1 Nc5 17. Bxf6 Qxf6 18. d4 Nxb3 19. Qc3 a4 20. Qb4 Bc2 21. Qxb7
Bxd1 22. Rxd1 Rad8 23. Qxc6 Nxd4 24. Nxd4 Rxd4 25. Qxa4 Rxd1+ 26. Qxd1 Qc3 27.
a4 Qxc4 28. Qa1 Rc8 29. Bf1 Qc3 30. Qa2 Qa5 31. Bd3 Rc1+ 32. Kg2 Qa8+ 33. Qd5
Qxd5+ 0-1

[Event "33rd Leon Blitz Open 2020"]
[Site "chess.com INT"]
[Date "2020.07.14"]
[Round "9"]
[White "Castillo Pena, Patricia Evarista"]
[Black "Fajdetic, Hrvoje"]
[Result "0-1"]
[WhiteTitle "WCM"]
[BlackTitle "CM"]
[WhiteElo "1770"]
[BlackElo "2151"]
[WhiteFideId "6412106"]
[BlackFideId "14501945"]
[EventDate "2020.07.14"]
[EventType "blitz"]

1. d4 d6 2. Nc3 Nf6 3. e4 Nbd7 4. Nf3 e5 5. dxe5 dxe5 6. Bg5 c6 7. Bc4 Be7 8.
O-O h6 9. Bh4 Qc7 10. Qe2 Nf8 11. h3 g5 12. Bg3 Ng6 13. Rfd1 Nf4 14. Qd2 b5 15.
Bd3 b4 16. Ne2 Be6 17. c3 a5 18. Rac1 Rd8 19. Qc2 Bxa2 20. Bxf4 gxf4 21. cxb4
axb4 22. Qxc6+ Qxc6 23. Rxc6 Nxe4 24. Nxe5 Bb3 25. Bxe4 Rxd1+ 26. Kh2 O-O 27.
Rxh6 Bd6 28. Bh7+ Kg7 29. Rxd6 Rxd6 0-1

[Event "33rd Leon Blitz Open 2020"]
[Site "chess.com INT"]
[Date "2020.07.14"]
[Round "9"]
[White "Aliavdin, Nikolai"]
[Black "Zverev, Lev"]
[Result "1-0"]
[WhiteTitle "IM"]
[BlackTitle "CM"]
[WhiteElo "2315"]
[BlackElo "2087"]
[WhiteFideId "13502883"]
[BlackFideId "24250775"]
[EventDate "2020.07.14"]
[EventType "blitz"]

1. e4 a6 2. d4 b5 3. Nf3 Bb7 4. Bd3 c5 5. c3 e6 6. O-O c4 7. Bc2 d5 8. Re1 Be7
9. a4 Nd7 10. Bf4 g5 11. Be5 f6 12. Nxg5 Nxe5 13. Nxe6 Qb6 14. exd5 Ng6 15. Qh5
Kd7 16. Bxg6 hxg6 17. Qxh8 Bxd5 18. Nf4 Bb7 19. Nxg6 Qc6 20. Qh3+ Kd8 21. Nd2
Bd6 22. Ne4 f5 23. Nxd6 1-0

[Event "33rd Leon Blitz Open 2020"]
[Site "chess.com INT"]
[Date "2020.07.14"]
[Round "9"]
[White "Zvereva, Margarita"]
[Black "Johnson, Joel"]
[Result "0-1"]
[WhiteTitle "WFM"]
[WhiteElo "1929"]
[BlackElo "2223"]
[WhiteFideId "34177741"]
[BlackFideId "2003821"]
[EventDate "2020.07.14"]
[EventType "blitz"]

1. e4 a6 2. Nf3 b5 3. d4 Bb7 4. Bd3 e6 5. O-O Nf6 6. Qe2 d6 7. c3 Nbd7 8. a4
bxa4 9. Rxa4 h6 10. Nbd2 g5 11. Bxa6 Bxa6 12. Rxa6 g4 13. Rxa8 Qxa8 14. Ne1 h5
15. f3 Qd8 16. e5 Nd5 17. fxg4 hxg4 18. Qxg4 Ne3 19. Qf3 Nxf1 20. Nxf1 dxe5 21.
Qc6 exd4 22. cxd4 Bd6 23. Nf3 Qf6 24. Ne3 Rg8 0-1

[Event "33rd Leon Blitz Open 2020"]
[Site "chess.com INT"]
[Date "2020.07.14"]
[Round "9"]
[White "Eswaran, Aksithi"]
[Black "Albuquerque Junior, Wellington S."]
[Result "0-1"]
[WhiteTitle "WCM"]
[WhiteElo "1745"]
[BlackElo "2209"]
[WhiteFideId "2083485"]
[BlackFideId "2151480"]
[EventDate "2020.07.14"]
[EventType "blitz"]

1. e4 c5 2. Nf3 d6 3. d4 cxd4 4. Nxd4 Nf6 5. Nc3 Nc6 6. Be3 Ng4 7. Bg5 h6 8. Bh4
g5 9. Bg3 Bg7 10. Bb5 Bd7 11. Bxc6 bxc6 12. Nxc6 Qc8 13. Nd4 Rb8 14. Rb1 Rxb2
15. Nce2 Bxd4 16. Qxd4 Rxb1+ 17. Kd2 e5 0-1

[Event "33rd Leon Blitz Open 2020"]
[Site "chess.com INT"]
[Date "2020.07.14"]
[Round "9"]
[White "Salinas Herrera, Pablo"]
[Black "Pham, Le Thao Nguyen"]
[Result "1-0"]
[WhiteTitle "GM"]
[BlackTitle "IM"]
[WhiteElo "2514"]
[BlackElo "2366"]
[WhiteFideId "3407128"]
[BlackFideId "12401226"]
[EventDate "2020.07.14"]
[EventType "blitz"]

1. d4 d5 2. Bf4 c5 3. e3 Nc6 4. Nf3 cxd4 5. exd4 Bg4 6. c3 e6 7. Nbd2 Nf6 8. Qb3
Qc8 9. Bd3 Be7 10. O-O O-O 11. Rfe1 Bh5 12. Ne5 Bg6 13. Nxg6 hxg6 14. Nf3 a6 15.
Ne5 Nxe5 16. dxe5 Nd7 17. Qd1 Nc5 18. Bc2 b5 19. Qg4 Qd8 20. Rad1 Rc8 21. Bb1
Na4 22. Bc1 Rc4 23. Qe2 Nb6 24. g3 b4 25. Bd3 Rc7 26. Be3 Qb8 27. Bxa6 bxc3 28.
bxc3 Rxc3 29. Rb1 Bc5 30. Bd2 Ra3 31. Qb5 Nd7 32. Qxd7 Qa8 33. Bf1 Rxa2 34. Be3
Bxe3 35. Rxe3 Qa5 36. Qb5 Qd2 37. Re2 1-0